000 00424nam a22001457a 4500
008 150311b xxu||||| |||| 00| 0 eng d
050 _aHQ21.H583
100 _aHesnard, A
_916251
245 _aLa sexologie
_bnormale et pathologique
_c/by A. Hesnard
260 _aParis
_bPayot Paris
_c1959
300 _a443p. ;
_c18cm.
440 _aPetite bibliotheque payot
_nno.31
_916252
650 _aSex
_9919
942 _2lcc
_cMONOGRAPH
999 _c122418
_d122418